000 02258nam a2200433 c 4500
003 BLK
005 20180422114641.0
008 180411b bul|||||r ||||||| ||bul||
010 _aKNG00182847000
040 _aBLK
041 _aBUL
_cBUL
072 7 _2bullib
_aН33
_xИкономика Н
080 _aСтопански кризи. Депресии
_b338.124.4
_x
_z338.124.4
080 _aМеждународни икономически отношения. Външностопанска политика. Световно стопанство
_b339.9
_x
_z339.9
080 _aИкономическа политика. Стопанско ръководство. Управление на стопанство. Стопанско планиране.
_b338.2
_x
_z338.2
100 1 _aПопов, Никола Григоров
_eпърви автор
_9369041
139 _aПопов, Никола Григоров
_bП 76
245 1 0 _aКапиталът срещу капитализма
_bКн. 1 - За том: Ще успее ли американския модел
_cНикола Григоров Попов.
_nКн. 2
_pОт глобализъм към империализъм
250 _a2. прераб. и доп. изд.
257 _aBGR
260 София
_c2007 -
_fСофия : Вулкан-4
300 _c20 см
380 _a3
650 4 _aКапитализъм - кризи
_9304770
650 4 _aСтопански кризи
_9277610
650 4 _aСветовно стопанство
_9251664
650 4 _aГлобализация
_9152211
653 _aкапитализъм
653 _aстопански кризи
653 _aсветовно стопанство
653 _aглобализация
659 _aН
760 1 _aПопов, Никола Григоров
_b2. прераб. и доп. изд.
_d2010
_h592 с.
_n1. изд. 2006 на изд. Комливес - ЛМ - Любомир Минковски. - Рез. на рус., англ.
_tКн. 2 От глобализъм към империализъм
852 _aЦб 238139
856 4 _qpdf
_u
856 4 _qpdf
_u
942 _cKNG
_n0
944 _aCR
_c29.09.2015
_lф /
_kВиолета_Тройчева
944 _aED
_c20.11.2015
_lф /
_kЛюдмила_Стоянова
999 _c174372
_d174372